[Event "Senior DM 65+ 2022"]
[Site "Aalborg"]
[Date "2022.02.26"]
[Round "7.12"]
[White "Pakmor, Claus"]
[Black "Gronhoj, Soren"]
[Result "0-1"]
[WhiteElo "1900"]
[BlackElo "2006"]
[PlyCount "70"]
[EventDate "2022.02.20"]
[EventType "swiss"]
[EventRounds "7"]
[EventCountry "DEN"]

1. e4 c5 2. Nf3 e6 3. d4 cxd4 4. Nxd4 Nc6 5. Nc3 a6 6. Be3 Nf6 7. Qf3 d5 8.
Nxc6 bxc6 9. e5 Nd7 10. Qg3 Qa5 11. Bd2 Qc7 12. f4 Rb8 13. Na4 c5 14. Be2 g6
15. O-O Bb7 16. b3 Bc6 17. Nc3 c4 18. bxc4 d4 19. Nd1 Be4 20. Bd3 Nc5 21. Nf2
Bc6 22. Rab1 Be7 23. c3 Nxd3 24. Qxd3 dxc3 25. Bxc3 Rd8 26. Qe2 O-O 27. Ng4 Ba8
28. Nf6+ Kg7 29. Rb3 Qc6 30. Ba1 Rb8 31. Rff3 Rxb3 32. axb3 Qb6+ 33. Kh1 Bxf3
34. Qxf3 Rd8 35. h4 Qb4 0-1

[Event "Senior DM 65+ 2022"]
[Site "Aalborg"]
[Date "2022.02.26"]
[Round "7.13"]
[White "Madsen, Svend Aage"]
[Black "Fjordside, Arne Dan"]
[Result "1/2-1/2"]
[WhiteElo "1961"]
[BlackElo "1914"]
[PlyCount "93"]
[EventDate "2022.02.20"]
[EventType "swiss"]
[EventRounds "7"]
[EventCountry "DEN"]

1. e4 e6 2. b3 d5 3. Bb2 dxe4 4. Nc3 Nf6 5. Qe2 Bb4 6. O-O-O Qe7 7. Nxe4 Nxe4
8. Qxe4 Nc6 9. Bxg7 f5 10. Qf3 Qxg7 11. c3 Be7 12. d4 O-O 13. Ne2 Bd7 14. Nf4
Nd8 15. Bc4 Kh8 16. Rhe1 Qg4 17. Qe3 Bd6 18. g3 Qg5 19. Nxe6 Qxe3+ 20. Rxe3
Bxe6 21. Bxe6 f4 22. Re4 Nxe6 23. Rxe6 fxg3 24. fxg3 Rae8 25. Rxe8 Rxe8 26. Kd2
Kg7 27. Kd3 Rf8 28. Ke2 Kg6 29. Rd3 Rf5 30. Ke1 Kg5 31. h3 h5 32. b4 a5 33. a3
axb4 34. axb4 h4 35. gxh4+ Kxh4 36. Ke2 Rg5 37. Rf3 Bg3 38. c4 Kxh3 39. Ra3 Rf5
40. Ra7 Rf4 41. Rxb7 Rxd4 42. c5 Rd5 43. Ke3 Kg2 44. Ke4 Rd1 45. b5 Rd8 46. b6
cxb6 47. Rxb6 1/2-1/2

[Event "Senior DM 65+ 2022"]
[Site "Aalborg"]
[Date "2022.02.26"]
[Round "7.14"]
[White "Gronhoj, Benny"]
[Black "Nielsen, Christian Volmer"]
[Result "0-1"]
[WhiteElo "1877"]
[BlackElo "1958"]
[PlyCount "112"]
[EventDate "2022.02.20"]
[EventType "swiss"]
[EventRounds "7"]
[EventCountry "DEN"]

1. e4 c5 2. Nf3 Nc6 3. d4 cxd4 4. Nxd4 e5 5. Nxc6 bxc6 6. c4 Nf6 7. Nc3 Bb4 8.
Qc2 h6 9. Bd2 O-O 10. a3 Bc5 11. Be2 a5 12. O-O Qc7 13. Na4 Bd4 14. c5 Ra7 15.
Rac1 d6 16. b4 axb4 17. cxd6 Qxd6 18. Bxb4 c5 19. Nxc5 Rc7 20. h3 Rd8 21. Bf3
Qb6 22. Qd2 Ra7 23. Nb3 Re8 24. Nxd4 Qxd4 25. Qc2 Rd7 26. Be2 Bb7 27. Bc5 Qd2
28. Bb5 Qg5 29. f4 exf4 30. Bxd7 Nxd7 31. Bd6 f3 32. Rf2 Rc8 33. Bc7 Ne5 34.
Qd2 Bxe4 35. Qxg5 hxg5 36. Rc3 Nd3 37. Rd2 fxg2 38. Ba5 Rxc3 39. Bxc3 Nf4 40.
Kh2 Nxh3 41. Bd4 g4 42. a4 Ng5 43. Rxg2 Nf3+ 44. Kg3 Nxd4 45. Rb2 Bf3 46. Rb8+
Kh7 47. a5 g5 48. a6 f5 49. a7 f4+ 50. Kh2 g3+ 51. Kh3 g2 52. a8=Q Bxa8 53.
Rxa8 g1=Q 54. Ra7+ Kg6 55. Ra6+ Kf5 56. Ra5+ Ke4 0-1

[Event "Senior DM 65+ 2022"]
[Site "Aalborg"]
[Date "2022.02.26"]
[Round "7.15"]
[White "Christiansen, Arne"]
[Black "Nielsen, Mogens"]
[Result "1/2-1/2"]
[WhiteElo "2036"]
[BlackElo "1846"]
[PlyCount "53"]
[EventDate "2022.02.20"]
[EventType "swiss"]
[EventRounds "7"]
[EventCountry "DEN"]

1. d4 Nf6 2. c4 c5 3. d5 b5 4. cxb5 a6 5. e3 e6 6. Nc3 exd5 7. Nxd5 Bb7 8.
Nxf6+ Qxf6 9. Nf3 Be7 10. bxa6 Nxa6 11. Be2 Bc6 12. O-O O-O 13. a3 Rfb8 14. Rb1
Nc7 15. Qc2 Nb5 16. Bd2 Nd6 17. Bc3 Qh6 18. Ne5 Ba4 19. b3 Bb5 20. a4 Bxe2 21.
Qxe2 Ne4 22. Ba1 Qe6 23. Qd3 d5 24. Rfd1 Nf6 25. Nf3 h6 26. Be5 Rb4 27. Rbc1
1/2-1/2

[Event "Senior DM 65+ 2022"]
[Site "Aalborg"]
[Date "2022.02.26"]
[Round "7.16"]
[White "Falberg, Hugo"]
[Black "Mortensen, Steen Juul"]
[Result "1/2-1/2"]
[WhiteElo "1782"]
[BlackElo "1888"]
[PlyCount "32"]
[EventDate "2022.02.20"]
[EventType "swiss"]
[EventRounds "7"]
[EventCountry "DEN"]

1. f4 d5 2. Nf3 g6 3. e3 Bg7 4. Be2 Bg4 5. O-O Nd7 6. Nc3 Bxf3 7. Bxf3 c6 8. d4
Ngf6 9. e4 dxe4 10. Bxe4 Nxe4 11. Nxe4 Nf6 12. Nxf6+ Bxf6 13. c3 O-O 14. f5 Qd5
15. Bh6 Bg7 16. Bxg7 Kxg7 1/2-1/2

[Event "Senior DM 65+ 2022"]
[Site "Aalborg"]
[Date "2022.02.26"]
[Round "7.17"]
[White "Pedersen, Borge"]
[Black "Marshall, Michael O"]
[Result "1-0"]
[WhiteElo "1881"]
[BlackElo "1746"]
[PlyCount "95"]
[EventDate "2022.02.20"]
[EventType "swiss"]
[EventRounds "7"]
[EventCountry "DEN"]

1. c4 c5 2. Nc3 Nc6 3. g3 d6 4. Bg2 Nf6 5. d3 Bf5 6. e4 Bg4 7. f3 Bh5 8. Nge2
e6 9. O-O Be7 10. Be3 O-O 11. Qd2 d5 12. cxd5 exd5 13. exd5 Nxd5 14. Nxd5 Qxd5
15. g4 Bg6 16. f4 Qxd3 17. f5 Qc4 18. Rf4 Qb5 19. Nc3 Qa5 20. fxg6 hxg6 21. Qf2
Rae8 22. Bxc6 bxc6 23. Rc4 Bh4 24. Qf3 Be7 25. Rd1 Rd8 26. Rxd8 Rxd8 27. Qxc6
Kh7 28. Ra4 Qb6 29. Qxb6 axb6 30. Ra7 Bf6 31. Kf2 Bh4+ 32. Kf3 f5 33. h3 Rd3
34. Ke2 Rd6 35. Rf7 fxg4 36. hxg4 Re6 37. Kf3 Kg8 38. Rb7 Rf6+ 39. Kg2 Re6 40.
Bf2 Bg5 41. b3 Bd2 42. Na4 Ba5 43. Ra7 Re2 44. Kf3 Rxa2 45. Bxc5 Be1 46. Ra8+
Kf7 47. Nxb6 Rb2 48. Rf8+ 1-0

[Event "Senior DM 65+ 2022"]
[Site "Aalborg"]
[Date "2022.02.26"]
[Round "7.18"]
[White "Stald, Flemming"]
[Black "Davidsen, Niels Chr"]
[Result "1/2-1/2"]
[WhiteElo "1745"]
[BlackElo "1937"]
[PlyCount "78"]
[EventDate "2022.02.20"]
[EventType "swiss"]
[EventRounds "7"]
[EventCountry "DEN"]

1. d4 d5 2. Nf3 c6 3. Bf4 Nf6 4. e3 Bg4 5. Be2 e6 6. Nbd2 Bd6 7. Ne5 Bf5 8.
Ndf3 Ne4 9. h3 Qa5+ 10. c3 Qc7 11. Qb3 O-O 12. g4 Bg6 13. h4 f6 14. Nxg6 hxg6
15. Bxd6 Nxd6 16. O-O-O Kf7 17. g5 Rh8 18. Rh2 Nd7 19. Rdh1 Ne4 20. Bd3 Rh5 21.
Qc2 f5 22. Qd1 Rah8 23. Qg1 c5 24. Rh3 cxd4 25. exd4 Rc8 26. Qe1 Qf4+ 27. Kb1
Qc7 28. Ng1 Rhh8 29. Ne2 Qb6 30. Bc2 Rc7 31. f3 Nd6 32. h5 gxh5 33. Rxh5 Rxh5
34. Rxh5 Nf8 35. Qc1 g6 36. Rh3 Kg8 37. Bd3 Rh7 38. Qh1 Qc7 39. Rxh7 Qxh7
1/2-1/2